| 000 | 00743nam a22002537a 4500 | ||
|---|---|---|---|
| 003 | CHAP | ||
| 005 | 20220329134704.0 | ||
| 008 | 971013s1950 r 00010 d | ||
| 010 | _a24227 | ||
| 011 | _a25199 | ||
| 035 | _a29299 | ||
| 040 | _cCHAP | ||
| 082 |
_a589.2 _bI53 1936-39 |
||
| 100 | 0 | 0 |
_aInd ex of fungi _d1036-1939. _957537 |
| 245 | _aList of new species and varieties of fungi | ||
| 260 |
_aKew, Surrey : _bCommonwealth Mycological Institute, _c1950 |
||
| 300 | _a117 p | ||
| 590 |
_aBATCH-UPD _b10 _c20130110 _lUCH01 _h1737 |
||
| 590 |
_aCONVERSION _b10 _c20130109 _lUCH01 _h1314 |
||
| 650 | 1 | 4 |
_aHongos _xNomenclatura. _956111 |
| 901 | _aBK | ||
| 942 | _cLIBRO | ||
| 949 |
_a589.2 I53 1936-39 _bBC _cC _d-67705 _eC _h18286 _i29299 _si |
||
| 999 |
_c24227 _d24227 |
||